Энергетическое сотрудничество между Россией и Республикой Корея (Запись № 1560314)

Подробности
000 -МАРКЕР
контрольное поле 02308nam0a2200409 4500
001 - ИДЕНТИФИКАТОР ЗАПИСИ
контрольное поле RU\NLR\bibl\1465469
005 - ИДЕНТИФИКАТОР ВЕРСИИ
контрольное поле 20260407214137.0
010 ## - МЕЖДУНАРОДНЫЙ СТАНДАРТНЫЙ НОМЕР КНИГИ (ISBN)
Номер (ISBN) 978-5-478--1258-8
Тираж 500
021 ## - НОМЕР ГОСУДАРСТВЕННОЙ РЕГИСТРАЦИИ
Код страны Российская Федерация
Номер 2009-97028
Номер Листа государственной регистраци 6161
035 ## - ДРУГИЕ СИСТЕМНЫЕ НОМЕРА
Идентификатор записи (nilc)RSL-KNO-004422206
035 ## - ДРУГИЕ СИСТЕМНЫЕ НОМЕРА
Идентификатор записи (NLR Aleph) 001457203
100 ## - ДАННЫЕ ОБЩЕЙ ОБРАБОТКИ
Данные общей обработки 20091127d2009 |||y0rusy50 ca
101 0# - ЯЗЫК РЕСУРСА
Язык текста, звукозаписи и т.д. русский
102 ## - СТРАНА ПУБЛИКАЦИИ ИЛИ ПРОИЗВОДСТВА
Страна публикации Российская Федерация
105 ## - ПОЛЕ КОДИРОВАННЫХ ДАННЫХ: ТЕКСТОВЫЕ МАТЕРИАЛЫ, МОНОГРАФИЧЕСКИЕ
Кодированные данные о монографическом текстовом документе a |||||||||
200 1# - ЗАГЛАВИЕ И СВЕДЕНИЯ ОБ ОТВЕТСТВЕННОСТИ
Основное заглавие Энергетическое сотрудничество между Россией и Республикой Корея
Параллельное заглавие Russia and Korea: prospects of energetic cooperation
Сведения, относящиеся к заглавию IX Российско-Корейский форум
Первые сведения об ответственности [ред. кол.: А. Н. Панов (отв. ред.) и др.]
Язык параллельного заглавия английский
210 ## - ПУБЛИКАЦИЯ, РАСПРОСТРАНЕНИЕ И ДР.
Место издания, распространения и т.д. Москва
Имя издателя, распространителя и т. д. Восток-Запад
Дата издания, распространения и т.д. 2009
215 ## - ФИЗИЧЕСКАЯ ХАРАКТЕРИСТИКА
Специфическое обозначение материала и объем 246 с.
Другие сведения о физической характеристике ил., табл.
Размеры 21
300 ## - ОБЩИЕ ПРИМЕЧАНИЯ
Текст примечания В надзаг.: Дипломат. акад. МИД России, Корейский фонд международных обменов
300 ## - ОБЩИЕ ПРИМЕЧАНИЯ
Текст примечания На тит.л.: 75 лет. Дипломатическая академия МИД России
510 0# - ПАРАЛЛЕЛЬНОЕ ЗАГЛАВИЕ
Параллельное заглавие Russia and Korea: prospects of energetic cooperation
Язык заглавия английский
606 1# - НАИМЕНОВАНИЕ ТЕМЫ КАК ПРЕДМЕТ
Наименование темы Энергетическая промышленность
Формальный подзаголовок Съезды, совещания и т.п.
Тематический подзаголовок Международное сотрудничество
Географический подзаголовок Корея, Республика
Системный номер авторитетной/нормативной записи 2100176
Идентификатор авторитетной/нормативной записи RU\NLR\auth\661573842
606 1# - НАИМЕНОВАНИЕ ТЕМЫ КАК ПРЕДМЕТ
Наименование темы Энергетическая промышленность
Формальный подзаголовок Съезды, совещания и т.п.
Тематический подзаголовок Международное сотрудничество
Географический подзаголовок Российская Федерация
Системный номер авторитетной/нормативной записи 2101264
Идентификатор авторитетной/нормативной записи RU\NLR\auth\661574407
686 ## - ИНДЕКСЫ ДРУГИХ КЛАССИФИКАЦИЙ
Индекс У9(2)89(5КоЮ)я43
Код системы
686 ## - ИНДЕКСЫ ДРУГИХ КЛАССИФИКАЦИЙ
Индекс У9(5КоЮ)89(2)я43
Код системы
686 ## - ИНДЕКСЫ ДРУГИХ КЛАССИФИКАЦИЙ
Индекс У30(2)857я431
686 ## - ИНДЕКСЫ ДРУГИХ КЛАССИФИКАЦИЙ
Индекс У30(5Ко)857я431
702 #1 - ИМЯ ЛИЦА - ВТОРИЧНАЯ ОТВЕТСТВЕННОСТЬ
Код отношения Редактор
Графика поля Кириллица
Материалы, к которым относится поле rus
Начальный элемент ввода Панов
Часть имени, кроме начального элемента ввода А. Н.
Дополнения к именам, кроме дат д-р полит. наук, дипломат
Даты 1944-
Расширение инициалов личного имени Александр Николаевич
Системный номер авторитетной/нормативной записи 250225
Идентификатор авторитетной/нормативной записи RU\NLR\AUTH\770250281
711 12 - НАИМЕНОВАНИЕ ОРГАНИЗАЦИИ - АЛЬТЕРНАТИВНАЯ ОТВЕТСТВЕННОСТЬ
Начальный элемент ввода Российско-корейский форум
Порядковый номер временной организации и / или порядковый номер ее части 9
Место проведения временной организации Москва
Дата проведения временной организации 2008
Системный номер авторитетной/нормативной записи 782150
Идентификатор авторитетной/нормативной записи RU\NLR\AUTH\8810143797
801 #0 - ИСТОЧНИК ЗАПИСИ
Страна Российская Федерация
Организация РГБ
Дата составления 20091127
Правила каталогизации rcr
801 #1 - ИСТОЧНИК ЗАПИСИ
Страна Российская Федерация
Организация РГБ
Дата составления 20091127
801 #2 - ИСТОЧНИК ЗАПИСИ
Страна Российская Федерация
Организация NLR
Дата составления 20100128
Правила каталогизации rcr
942 ## - ДОПОЛНИТЕЛЬНЫЕ ЭЛЕМЕНТЫ ЗАПИСИ (АБИС)
Тип экземпляра АБИС Книга
980 ## - КОЛЛЕКЦИЯ
Название коллекции Национальная библиография
Экземпляры
Тип экземпляра Дата поступления Источник поступления Библиотека постоянного хранения Библиотека текущего хранения Место хранения Шифр хранения Штрих-код Статус экземпляра
Книга 28.01.2010 Обязательный экземпляр РНБ (Московский) РНБ (Московский) Русский книжный фонд: издания с 1957 года 2010-3/1877 1-1135416  
Книга 28.01.2010 Обязательный экземпляр РНБ (Московский) РНБ (Московский) Русский книжный фонд: издания с 1957 года 2010-3/1877 3089008